Music Quiz

Random Music or Singers Quiz

Different Song, Same Titles Quiz Stats

 Plays Quiz not verified by Sporcle

Challenge
Share
Tweet
Embed
Score 0/15 Timer 03:00
0 Plays Today
Song Title Performer % Correct
HelloLionel Richie
84.6%
It's My LifeBon Jovi
73.1%
SOSRihanna
57.7%
It's My LifeTalk Talk
50%
SOSABBA
42.3%
Tonight, TonightSmashing Pumpkins
38.5%
HomePhillip Phillips
30.8%
HomeDaughtry
30.8%
Song Title Performer % Correct
SomedayNickelback
23.1%
Tonight, TonightHot Chelle Rae
19.2%
HomeMichael Buble
15.4%
SOSJonas Brothers
15.4%
SomedaySugar Ray
15.4%
HelloMartin Solveig ft. Dragonette
3.8%
HelloBeyonce Knowles
0%

You're not logged in!

Compare scores with friends on all Sporcle quizzes.
OR
Log In

You Might Also Like...

Show Comments

Extras

Top Quizzes Today


Score Distribution

Your Account Isn't Verified!

In order to create a playlist on Sporcle, you need to verify the email address you used during registration. Go to your Sporcle Settings to finish the process.

Report this User

Report this user for behavior that violates our Community Guidelines.

Details: